[Event "Muensterland Verbandsliga 1314"]
[Site "Germany"]
[Date "2014.05.03"]
[Round "9.4"]
[White "Kuhlenbaeumer, Alfred"]
[Black "Van Almsick, Georg"]
[Result "1/2-1/2"]
[WhiteElo "1793"]
[BlackElo "1872"]
[PlyCount "108"]
[EventDate "2013.09.07"]
[EventType "team-tourn"]
[EventRounds "9"]
[EventCountry "GER"]
[SourceTitle "EXT 2015"]
[Source "ChessBase"]
[SourceDate "2014.11.20"]
[SourceVersion "1"]
[SourceVersionDate "2014.11.20"]
[SourceQuality "1"]
[WhiteTeam "Telgte"]
[BlackTeam "Ahaus Wessum"]
[WhiteTeamCountry "GER"]
[BlackTeamCountry "GER"]

1. e4 e5 2. Nf3 Nc6 3. Bc4 Nf6 4. d4 exd4 5. e5 d5 6. exf6 dxc4 7. Qe2+ Be6 8. 0-0 gxf6 9. Rd1 Bc5 10. Nc3 Qe7 11. Nb5 0-0-0 12. Bf4 Rhg8 13. Kh1 Rxg2 14. Bxc7 Rdg8 15. Bg3 R2xg3 16. hxg3 Bd5 17. Qxe7 Nxe7 18. Kg2 Nf5 19. Rh1 a6 20. Na3 c3 21. Rad1 cxb2 22. Nb1 Rg4 23. Rh5 Be4 24. Rd2 Bd6 25. Rxf5 Bxf5 26. Nxd4 Be4+ 27. Kf1 Bc5 28. f3 Bxf3 29. Nxf3 Rxg3 30. Rd3 h5 31. Nbd2 Rg4 32. Rb3 h4 33. Rxb2 h3 34. c3 h2 35. Nxh2 Rg1+ 36. Ke2 Rg2+ 37. Kd3 Rxh2 38. Rb1 Rh3+ 39. Kc4 Be7 40. a4 Re3 41. Rf1 Re2 42. Nb3 Rb2 43. Rf5 b6 44. Rd5 Kc7 45. Rh5 Ra2 46. a5 b5+ 47. Kd3 Ra4 48. Rh8 Ra3 49. Kc2 Ra2+ 50. Kd3 f5 51. Ra8 Kb7 52. Re8 Bd6 53. Rd8 Kc7 54. Ra8 Kb7 1/2-1/2

[Event "Muensterland Verbandsliga 1314"]
[Site "Germany"]
[Date "2013.11.16"]
[Round "3.5"]
[White "Van Almsick, Georg"]
[Black "Waeltermann, Thomas"]
[Result "1-0"]
[WhiteElo "1872"]
[BlackElo "1789"]
[PlyCount "51"]
[EventDate "2013.09.07"]
[EventType "team-tourn"]
[EventRounds "9"]
[EventCountry "GER"]
[SourceTitle "EXT 2015"]
[Source "ChessBase"]
[SourceDate "2014.11.20"]
[SourceVersion "1"]
[SourceVersionDate "2014.11.20"]
[SourceQuality "1"]
[WhiteTeam "Ahaus Wessum"]
[BlackTeam "Beelen"]
[WhiteTeamCountry "GER"]
[BlackTeamCountry "GER"]

1. f4 Nf6 2. Nf3 d5 3. e3 c5 4. b3 Nc6 5. Bb5 Bd7 6. Bb2 e6 7. Bxc6 Bxc6 8. 0-0 Bd6 9. d3 Qc7 10. Ne5 0-0-0 11. Nd2 h6 12. Qe2 Rhg8 13. c4 Kb8 14. a3 Ne8 15. b4 cxb4 16. cxd5 exd5 17. Rfc1 bxa3 18. Nxc6+ bxc6 19. Bxa3 Ka8 20. Nb3 Bxa3 21. Rxa3 Nd6 22. Ra6 Rc8 23. Na5 c5 24. Qf3 Nb7 25. Qxd5 Rcd8 26. Nc6 1-0

[Event "Muensterland Verbandsklasse-A 0506"]
[Site "Germany"]
[Date "2006.02.25"]
[Round "7.7"]
[White "Michaelis, Ernst"]
[Black "Van Almsick, Georg"]
[Result "0-1"]
[WhiteElo "1755"]
[BlackElo "1859"]
[PlyCount "78"]
[EventDate "2005.09.03"]
[EventType "team"]
[EventRounds "9"]
[EventCountry "GER"]
[SourceTitle "EXT 2006"]
[Source "ChessBase"]
[SourceDate "2005.11.24"]
[SourceVersion "1"]
[SourceVersionDate "2005.11.24"]
[SourceQuality "1"]
[WhiteTeam "Muenster Indische Dame"]
[BlackTeam "Ahaus Wessum"]
[WhiteTeamCountry "GER"]
[BlackTeamCountry "GER"]

1. e4 e5 2. Nf3 Nc6 3. d4 exd4 4. Nxd4 Bc5 5. Nxc6 Qf6 6. Qd2 dxc6 7. Nc3 Bd4 8. Bd3 g5 9. 0-0 h6 10. Nd1 Be6 11. Qb4 0-0-0 12. Ne3 Ne7 13. Nc4 c5 14. Qa3 Kb8 15. Be2 b6 16. c3 Be5 17. Nxe5 Qxe5 18. Qa4 Ng6 19. g3 Rhg8 20. Kh1 f5 21. f4 gxf4 22. gxf4 Qg7 23. Rg1 fxe4 24. Be3 Qf6 25. Raf1 Qf5 26. Bg4 Qxg4 27. Rxg4 Bxg4 28. h3 Bf3+ 29. Kh2 Nh4 30. Rg1 Bg2 31. Rxg2 Rxg2+ 32. Kh1 Rdg8 33. Qxe4 Re2 34. Qd5 Re1+ 35. Kh2 Rg2+ 36. Qxg2 Nxg2 37. Kxg2 Rxe3 38. f5 Kc8 39. Kf2 Rxh3 0-1

[Event "Muensterland Verbandsklasse-A 0506"]
[Site "Germany"]
[Date "2005.12.10"]
[Round "4.7"]
[White "Van Almsick, Georg"]
[Black "Fehlings, Gerd"]
[Result "1-0"]
[WhiteElo "1859"]
[BlackElo "1734"]
[PlyCount "127"]
[EventDate "2005.09.03"]
[EventType "team"]
[EventRounds "9"]
[EventCountry "GER"]
[SourceTitle "EXT 2006"]
[Source "ChessBase"]
[SourceDate "2005.11.24"]
[SourceVersion "1"]
[SourceVersionDate "2005.11.24"]
[SourceQuality "1"]
[WhiteTeam "Ahaus Wessum"]
[BlackTeam "Emsdetten Rochade"]
[WhiteTeamCountry "GER"]
[BlackTeamCountry "GER"]

1. f4 d5 2. Nf3 g6 3. e3 Bg7 4. Be2 Nf6 5. 0-0 c5 6. d3 0-0 7. a4 Nc6 8. Qe1 Qc7 9. Nc3 e5 10. e4 dxe4 11. dxe4 a6 12. Qh4 Nh5 13. Nd5 Qd8 14. Qxd8 Rxd8 15. Nxe5 Bxe5 16. fxe5 Ng7 17. Bg5 Rf8 18. Bf6 Be6 19. Nc7 Nd4 20. Nxe6 Nxe2+ 21. Kf2 Nxe6 22. Kxe2 Nd4+ 23. Kd3 Rfe8 24. c3 Nc6 25. Rad1 b5 26. Kc2 Nxe5 27. Bxe5 Rxe5 28. Rd7 f5 29. exf5 gxf5 30. a5 c4 31. Rf2 Rae8 32. Rd6 R8e6 33. Rxe6 Rxe6 34. Rxf5 Re2+ 35. Kb1 Rxg2 36. Rf6 Rg6 37. Rb6 Kg7 38. Kc1 Kh6 39. Kd2 Kg5 40. Rxg6+ hxg6 41. Ke3 Kg4 42. Kd4 Kh3 43. Kc5 Kxh2 44. Kb6 g5 45. Kxa6 g4 46. Kxb5 g3 47. a6 g2 48. a7 g1Q 49. a8Q Qf2 50. Qh8+ Kg1 51. Qg8+ Kh2 52. Qxc4 Qxb2+ 53. Qb4 Qe2+ 54. c4 Kg3 55. Qd6+ Kg4 56. Qd4+ Kf5 57. Kc6 Qa2 58. Qd5+ Kf6 59. Qd6+ Kf7 60. c5 Qa6+ 61. Kd7 Qb7+ 62. Qc7 Qd5+ 63. Kc8+ Ke8 64. c6 1-0